25 plus grandes villes du Pays-de-la-Loire - Statistiques

Statistiques générales
  • Ce quiz a été pris 167 fois
  • Le résultat moyen est 11 sur 25
Statistiques - réponses
Hint Réponse % Correct
327 734 Nantes
98%
159 022 Angers
97%
146 249 Le Mans
89%
74 568 Saint-Nazaire
88%
49 400 Laval
83%
54 849 La Roche-sur-Yon
82%
54 404 Cholet
74%
49 603 Les Sables-d'Olonne
68%
26 241 Saumur
64%
43 556 Rezé
59%
50 973 Saint-Herblain
55%
28 534 Orvault
39%
18 745 Pornic
35%
20 921 Carquefou
31%
26 227 Vertou
28%
22 943 Challans
27%
28 596 Saint-Sébastien-sur-Loire
23%
24 103 Couëron
15%
20 530 Bouguenais
12%
20 690 La Chapelle-sur-Erdre
12%
21 999 Chemillé-en-Anjou
8%
21 134 Montaigu-Vendée
8%
25 797 Sèvremoine
8%
23 989 Beaupréau-en-Mauges
6%
18 695 Mauges-sur-Loire
2%
Aucun quiz correspondant
Distribution des résultats
% des personnes avec chaque résultat
Percentile par nombre de réponses
Votre historique - résultats
Vous n’avez pas pris ce quiz